Normal view
MARC view
- اللغة العربية-الالسنة العربية-النحو-الجمله-الاسلوب-قواعد
Entry Topical Term
001 - CONTROL NUMBER
- control field: 16947
003 - CONTROL NUMBER IDENTIFIER
- control field: JO-AjAnu
005 - DATE AND TIME OF LATEST TRANSACTION
- control field: 20230606073013.0
008 - FIXED-LENGTH DATA ELEMENTS
- fixed length control field: 230606|| aca||aabn | a|a d
040 ## - CATALOGING SOURCE
- Original cataloging agency: JO-AjAnu
- Transcribing agency: JO-AjAnu
150 ## - HEADING--TOPICAL TERM
- Topical term or geographic name entry element: اللغة العربية-الالسنة العربية-النحو-الجمله-الاسلوب-قواعد
670 ## - SOURCE DATA FOUND
- Source citation: Work cat.: (JO-AjAnu)8701: تاليف طحان،ريمون, author 16946, الألسنية العربية النحو-الجملة-الاسلوب-خاتمتة (الالسنة 2)